00950cam a22002893a 45000010005000000030006000050050017000110080041000280400015000690420007000840500007000910500007000981000054001052450064001592600029002235060030002525160020002826530048003026530035003506530033003856530073004188300028004918560041005199420007005609990019005679520074005862606PGUSA20140828083017.0010401s2001||||xxu|||||s|||||000 1 eng d aPGUSAbeng adc 4aPR 4aPZ1 aYonge, Charlotte M.q(Charlotte Mary),d1823-190114aThe Pigeon Pieh[electronic resource] /cCharlotte M. Yonge bProject Gutenberg,c2001 aPublic domain in the USA. aElectronic text aChildren's stories, English -- 19th century aRoundheads -- Juvenile fiction aFamilies -- Juvenile fiction aGreat Britain -- History -- Civil War, 1642-1649 -- Juvenile fiction 0aProject Gutenbergv260640uhttp://www.gutenberg.org/ebooks/2606 cEB c231943d231943 001040aGTBbGTBd2014-08-28l0r2014-08-28 00:00:00w2014-08-28yEB